00220nam a2200073Ia 4500100002200000245003200022500005400054650003800108 aAndreas D' Souza  2aA Theology of Relationships aJournal of Henry Martyn Institute July - Dec 2005 aInterfaith Relations and Dialogue